000 00665nam a2200193 a 4500
001 000040799
005 20201002034404.0
008 130906s2004 sp a 000 1 spa d
020 _a8425219779
040 _aDO-SdBNP
_bspa
_cBNPHU
082 _axxxx
_bxxxx
100 1 _aHeller, Eva
_967220
245 1 0 _aPsicología del color :. :
_bcómo actúan los colores sobre los sentimientos y la razón /
_cEva Heller.
260 _aBarcelona, España :
_bGustavo Gili,
_c2004.
300 _a309 p. :
_bil. ;
_c24 cm.
500 _ala biblioteca posee la 4ta. reimpresión del2005
504 _abibliografía p:291-294
700 1 _aChamorro Mielke, Joaquín
_etrad.
_967221
999 _c40289
_d40289